Les clubs victimes de Mohammed Salah en Ligue des Champions - Statistiques

Statistiques générales
  • Ce quiz a été pris 418 fois
    7 depuis la dernière actualisation
  • Le résultat moyen est 23 sur 27
Statistiques - réponses
Pays Club % Correct
Italie AC Milan 2
100%
Pays-Bas Ajax Amsterdam 2
100%
Italie AS Rome 2
100%
Italie Atalanta Bergame 1
100%
Espagne Atletico Madrid 3
100%
Allemagne Bayer Leverkusen 1
100%
Serbie Etoile rouge de Belgrade 2
100%
Portugal FC Porto 5
100%
Turquie Galatasaray 1
100%
Ecosse Glasgow Rangers 4
100%
Italie Inter Milan 1
100%
France LOSC 1
100%
Angleterre Manchester City 2
100%
Italie Napoli 2
100%
Allemagne RB Leipzig 2
100%
Espagne Real Madrid 2
100%
Angleterre Chelsea 2
80%
Espagne FC Séville 1
80%
Espagne Girona 1
80%
Autriche RB Salzbourg 3
80%
Angleterre Tottenham 1
80%
Italie Bologne 1
60%
Belgique RC Genk 1
60%
Russie Spartak Moscou 1
60%
Slovénie Maribor 3
40%
Azerbaïdjan Qarabağ 1
40%
Danemark FC Midtjylland 2
0%
Aucun quiz correspondant
Distribution des résultats
% des personnes avec chaque résultat
Percentile par nombre de réponses
Votre historique - résultats
Vous n’avez pas pris ce quiz depuis la dernière actualisation